00656nam a2200193Ia 4500001002100000003000900021008004100030040002300071041001300094100002500107245005900132250001500191260003000206300001900236501012400255520005000379650001600429700001700445262-PAU VI ec (1473)IT-MiSPE171229s9999||||xx |||||||||||||| ||und|| aIT-MiSPEcIT-MiSPE aITALIANO aPaolo VI (Paulus VI) 0aEcclesiam suambLe vie della Chiesa: Lettera enciclica a1a ed. (v) aRomabStudiumc(st.) 1964 a146 p. c20 cm aEdizioni San Paolo srl - Piazza Soncino, 5 - 20092 CINISELLO BALSAMO (MI) (non commercial uses only) ® Copyright 2018 aEmilio Guano (prem.). Testo latino e italiano apapa, beato aEmilio Guano